MARC

LEADER 00000nam0a2200000 4500
001 375872
005 20231102012755.0
020 |a RU  |b 86-58687 
035 |a (RuTPU)RU\TPU\retro\33311 
035 |a RU\TPU\book\304077 
090 |a 375872 
100 |a 20221221d1986 km a0rusy5003 ca 
101 0 |a rus 
102 |a RU 
105 |a a g 001zy 
200 1 |a Справочник проходчика горных выработок  |f Е. Н. Олейник 
210 |a Киев  |c Технiка  |d 1986 
215 |a 164 с.  |c ил. 
320 |a Библиогр.: с. 162-163 (25 назв.) 
606 1 |a Проходка горных выработок  |x Интенсификация  |2 stltpush  |3 (RuTPU)RU\TPU\subj\53005  |9 71359 
610 1 |a справочники 
610 1 |a горные породы 
610 1 |a физико-механические характеристики 
610 1 |a поперечные сечения 
610 1 |a способы 
610 1 |a буровые работы 
610 1 |a средства 
610 1 |a погрузочные машины 
610 1 |a перегружатели 
610 1 |a лебедки 
610 1 |a электрооборудование 
610 1 |a крепление 
610 1 |a горное давление 
610 1 |a водоотлив 
675 |a 622.26(035.5)  |z rus  |v 3 
700 1 |a Олейник  |b Е. Н.  |g Евгений Николаевич  |4 070 
801 0 |a RU  |b RuMRKP  |c 19950704  |g psbo 
801 1 |a RU  |b 63413507  |c 20150113 
801 2 |a RU  |b 63413507  |c 20221221  |g RCR 
942 |c BK